Controlled thermonuclear reactions /

Bibliographic Details
Main Author: Art︠s︡imovich, L. A. (Lev Andreevich), 1909-1973
Format: Book
Language:English
Russian
Published: New York : Gordon and Breach Science Publishers, [1964]
Edition:[English ed.].
Series:[Plasma physics and laboratory astrophysics, v. 1]
Subjects:

MARC

Tag First Indicator Second Indicator Subfields
LEADER 00000cam a2200000 4500
001 in00000042130
005 20151007070745.0
008 730129s1964 nyua b 00010 eng u
010 |a  64023922  
035 |a (OCoLC)00546860 
035 |9 AAE4653AM 
040 |c WSU  |d TXA  |d UtOrBLW 
041 1 |a eng  |a rus 
049 |a TXAM  |c [467253] 
050 0 |a QC791  |b .A713 1964 
092 |a 539.764  |b A792c, 1964 
100 1 |a Art︠s︡imovich, L. A.  |q (Lev Andreevich),  |d 1909-1973. 
245 1 0 |a Controlled thermonuclear reactions /  |c [by] L. A. Artsimovich. Edited by A. C. Kolb and R. S. Pease. Translated by P. Kelly and A. Peiperl. 
250 |a [English ed.]. 
264 1 |a New York :  |b Gordon and Breach Science Publishers,  |c [1964] 
300 |a xvi, 405 pages :  |b illustrations ;  |c 26 cm. 
336 |a text  |b txt  |2 rdacontent 
337 |a unmediated  |b n  |2 rdamedia 
338 |a volume  |b nc  |2 rdacarrier 
490 0 |a [Plasma physics and laboratory astrophysics, v. 1] 
504 |a Bibliography: pages [383]-396. 
650 0 |a Controlled fusion. 
650 0 |a Plasma (Ionized gases) 
999 |a MARS 
999 f f |s c1c7399d-dbe9-307a-afaa-3634c46a4430  |i 2e2c1628-21d9-3cbf-a75e-5c8103cd6721  |t 0 
952 f f |p normal  |a Texas A&M University  |b College Station  |c Sterling C. Evans Library  |d Evans: Library Stacks  |t 0  |e QC791 .A713 1964  |h Library of Congress classification  |i unmediated -- volume  |m A14800931020 
998 f f |a QC791 .A713 1964  |t 0  |l Evans: Library Stacks